ER Characters - Statistics

General Stats
  • This quiz has been taken 67 times
  • The average score is 30 of 89
Answer Stats
Hint Answer % Correct
136 Carol Hathaway
100%
108 Doug Ross
100%
254 John Carter
100%
182 Mark Greene
100%
173 Peter Benton
95%
126 Robert Romano
95%
189 Abby Lockhart
89%
250 Kerry Weaver
89%
160 Elizabeth Corday
84%
185 Luka Kovač
84%
142 Susan Lewis
84%
9 Abby Keaton
79%
37 Lucy Knight
74%
6 Ben Parker
68%
137 Jerry Markovic
68%
102 Jeanie Boulet
63%
118 Jing-Mei Chen
63%
47 Dave Malucci
58%
184 Haleh Adams
58%
190 Malik McGrath
58%
25 Anna Del Amico
53%
31 David Morgenstern
53%
74 Donald Anspaugh
53%
61 Michael Gallant
53%
126 Sam Taggart
53%
219 Chuny Márquez
47%
136 Greg Pratt
47%
113 Lydia Wright
47%
129 Neela Rasgotra
47%
16 Chaz Pratt
42%
129 Frank Martin
42%
11 John Taglieri
42%
24 Angela Hicks
37%
112 Archie Morris
37%
9 Laverne St. John
37%
33 Maggie Doyle
37%
55 Cleo Finch
32%
71 Randi Fronczak
32%
70 Ray Barnett
32%
65 Tony Gates
32%
13 E-Ray
26%
15 Harper Tracy
26%
127 Lily Jarvik
26%
21 Catherine Banfield
21%
13 Cynthia Hooper
21%
26 Janet Coburn
21%
61 Lucien Dubenko
21%
6 Nick Cooper
21%
23 Paul Grady
21%
12 Victor Clemente
21%
58 Yosh Takata
21%
113 Connie Oligario
16%
9 Daria Wade
16%
10 Dennis Gant
16%
6 Eve Peyton
16%
10 Kevin Moretti
16%
19 Ray Shepard
16%
27 Simon Brenner
16%
5 Skye Wexler
16%
15 Dale Edson
11%
168 Doris Pickman
11%
117 Dwight Zadro
11%
10 Jake Scanlon
11%
15 Jane Figler
11%
14 Makemba Likasu
11%
11 Tracy Martin
11%
19 Adele Newman
5%
48 Bardelli
5%
13 Bettina DeJesus
5%
96 Brian Dumar
5%
34 Dawn Archer
5%
24 Dustin Crenshaw
5%
8 Erin Harkins
5%
14 Hope Bobeck
5%
7 Inez
5%
7 Jessica Albright
5%
15 Kim Legaspi
5%
7 Larry Weston
5%
11 Lester Kerzenstein
5%
149 Pamela Olbes
5%
6 Ryan Sánchez
5%
74 Shirley
5%
15 Timmy Rawlins
5%
7 William Swift
5%
17 Amira
0%
58 Christine Harms
0%
10 Harold Zelinsky
0%
11 Katey Alvaro
0%
53 Morales
0%
No matching quizzes found
Score Distribution
Percent of People with Each Score
Percentile by Number Answered
Your Score History
You have not taken this quiz